01421 a2200217 4500003000500000005001700005010001600022020001700038040000900055082001200064100002100076245005300097250001200150260003800162300006800200505076900268650001501037942001201052999001901064952012001083Nust20221011155003.0 a 85024467 a0394341228 : cNust00a540,DAY1 a Day ,R A99994710aGeneral chemistryc R A Day and Ronald C Johnson a1st ed. aNew York :bRandom House,cc1986. axxvii, 1015 p., [20] p. of plates :bill. (some col.) ;c26 cm. aAtoms, Molecules And Simple Stoichiometry (Page-1), The Kinetic Molecular Theory And The Three States Of Matter (Page-33), Structure Of The Atom (Page-83), Electronic Structure Of The Atom (Page-111), The Chemical Bond (Page-143), Predicting Properties Of Molecules And Reactions (Page-175), Aqueous Solutions Of Ionic And Covalent Compounds (Page-205), Chemical Equilibrium (Page-249), Rates Of Chemical Reactions (Page-283), Equilibria In Aqueous Solutions (Page-323), Electrochemistry (Page-355), Nuclear Energy (Page-373), Theories Of Bonding (Page-393), The Chemistry Of Carbon Compounds (Page-415), Some Topics In Biochemistry (Page-445), Transition Metals (Page-481), Industrial And Environmental Chemistry (Page-513), Modern Methods Of Analysis (Page-541). 0aChemistry. 2ddccBK c183978d183978 00102ddc4070aMCSbMCScGENd2016-12-12o540,DAYpMCS6497r2016-12-08w2016-12-12yBKzAlmirah No.25, Shelf No.1